| 000 | 00630cab a2200193 4500 | ||
|---|---|---|---|
| 001 | WB2319-05 | ||
| 008 | 090401t1987 xxu||||| |||| 00| 0 eng d | ||
| 035 | _a(Sirsi) u29 | ||
| 041 | _aeng | ||
| 245 | _aBRE foundations | ||
| 260 | _c1987 | ||
| 350 | _a0 | ||
| 490 |
_aContract Journal _v337(5613) 14/5/87 p6 |
||
| 520 | _aA BRE report, A review of routine foundation design practice, finds that the increase in foundation failures over the past 10 years could have been avoided by improvements in site investigation methods. | ||
| 650 | _aBUILDING FAILURES | ||
| 690 | _aBUILT ENVIRONMENT | ||
| 942 | _n0 | ||
| 948 | _c04/03/1997 | ||
| 999 |
_c12 _d12 |
||